00568nam a2200157Ia 4500003000900000008004100009040001600050080001700066245015500083260004700238300001500285650001600300650004100316650002200357700003100379IN-BaIIA211028s9999 xx 000 0 eng d cIIA Library a52(091)bTHE 4aThe Aryabhatiya of Aryabhataban ancient Indian work on mathematics and astronomyctranslated by Walter Eugene Clark  aChicagobUniversity of Chicago Pressc1950 axxix, 90p. aAryabhatiya aAstronomy and astrophysics thesaurus aHistory-astronomy aClark, Walter Eugene., tr.